| 000 | 00659nam a22002057a 4500 | ||
|---|---|---|---|
| 999 |
_c12524 _d12524 |
||
| 003 | AR-CdUCM | ||
| 008 | 190409b ||||| |||| 00| 0 spa d | ||
| 040 |
_aMUNICIPALIDAD PROVINCIAL DEL CUSCO _cBIBLIOTECA MUNICIPAL DEL CUSCO |
||
| 082 |
_aEP /630.2 / _bB73 |
||
| 100 |
_aBone, Emily _930395 |
||
| 245 | _aJardinería para principiantes / | ||
| 260 |
_aChina : _bUsborne, _c2015. |
||
| 300 |
_a64 páginas _c25 cm. |
||
| 505 | _aContenido :Jardinería para principiantes. | ||
| 650 |
_aCiencias naturales _910176 |
||
| 700 |
_aEheatley, Abigail _930396 |
||
| 700 |
_aAlonso de la Sierra, Gemma (traductora) _930397 |
||
| 942 |
_2ddc _cLIBROS |
||
| 945 | _arum | ||